000 00338nam a2200133Ia 4500
008 230511s1960 xx 000 0 und d
041 _aeng
082 _a657.45
100 _aClive F Paulape
245 _aThe Principles of Auditing
260 _aNew Delhi
_bPitman Series
_c1960
300 _a517
906 _aprinciples of auditing
999 _c354084
_d354084